000 00653nam a2200229Ia 4500
003 OSt
005 20230607085619.0
008 210423s2008 xx 000 0 und d
020 _a8131602303
040 _cAL
041 _aeng
082 _a323 REIC
100 _aREICHERT (Elisabeth)
_9120855
245 _aChallenges in human rights: a social work perspective
260 _aJaipur
_bRawat Publications
_c2008
300 _axiv,286
_bHB
365 _b695
_cINR
650 _aCivil & Political Rights
_9120856
650 _aPolitical Science
_9120857
906 _aChallenges ; human ; perspective ; rights: ; social ; work
942 _2ddc
_cBK
999 _c176056
_d176056